| 000 | 00685nam a2200217 a 4500 | ||
|---|---|---|---|
| 001 | 63245 | ||
| 003 | BD-RjUL | ||
| 005 | 20211209081156.0 | ||
| 008 | 170129s1961 enk 1 0 eng d | ||
| 035 | _a(BD-RjUL)63374 | ||
| 040 |
_aBD-RjUL _beng _cBD-RjUL _dBD-RjUL |
||
| 041 | _aeng | ||
| 082 |
_223 _a932.01 _bGAE 1961 |
||
| 100 | 1 |
_aGardiner, Alan H. _q(Alan Henderson), _d1879-1963, _9188236 |
|
| 245 | 1 | 0 |
_aEgypt of the Pharaohs : _ban introduction / _cby Sir Alan Gardiner. |
| 260 |
_aOxford : _bClarendon Press, _c1961 [reprinted 1966]. |
||
| 300 |
_axx, 461 p. : _bill. ; _c24 cm. |
||
| 500 | _aIncludes index | ||
| 651 | 0 |
_aEgypt _xHistory _yTo 332 B.C. _9188237 |
|
| 942 |
_2ddc _cBK |
||
| 999 |
_c63245 _d63245 |
||